Capillas abiertas / (Record no. 6630)

MARC details
000 -CABECERA
campo de control de longitud fija 00631nam a2200205 a 4500
005 - FECHA Y HORA DE LA ÚLTIMA TRANSACCIÓN
campo de control 20231013063728.0
008 - ELEMENTOS DE LONGITUD FIJA--INFORMACIÓN GENERAL
campo de control de longitud fija 991125s1948 mx 000 0 spa u
035 ## - NÚMERO DE CONTROL DEL SISTEMA
Número de control de sistema UPN01000006630
049 ## - COLECCIÓN
Colección CG
050 #4 - SIGNATURA TOPOGRÁFICA DE LA BIBLIOTECA DEL CONGRESO
Número de clasificación F1219.3 A6
Número de documento/Ítem G3.2
100 1# - ASIENTO PRINCIPAL--NOMBRE PERSONAL
Nombre de persona García Granados, Ricardo,
Fechas asociadas al nombre 1851-1930
9 (RLIN) 32922
245 10 - MENCIÓN DE TÍTULO
Título Capillas abiertas /
Mención de responsabilidad, etc. textos de R. García Granados.
260 ## - PUBLICACIÓN, DISTRIBUCIÓN, ETC.
Lugar de publicación, distribución, etc. México :
Nombre del editor, distribuidor, etc. Ediciones de Arte,
Fecha de publicación, distribución, etc. c1948.
300 ## - DESCRIPCIÓN FÍSICA
Extensión 64 p. :
Otras características físicas il.
440 #0 - MENCIÓN DE SERIE/ASIENTO SECUNDARIO--TÍTULO
Título Anáhuac de arte mexicano ;
Designación de volumen o secuencia 21
500 ## - NOTA GENERAL
Nota general "Texto en inglés, francés e italiano"
650 #4 - ASIENTO SECUNDARIO DE MATERIA - TERMINO TEMATICO
Término de materia o nombre geográfico como elemento de entrada CAPILLAS
9 (RLIN) 6291
650 #4 - ASIENTO SECUNDARIO DE MATERIA - TERMINO TEMATICO
Término de materia o nombre geográfico como elemento de entrada Arquitectura
Subdivisión geográfica México
9 (RLIN) 2347
905 ## - TIPO DE MATERIAL
Tipo de material Libro
Holdings
Estado de retiro Estado de pérdida Fuente del sistema de clasificación o colocación Estado dañado No para préstamo Código de colección Localización permanente Ubicación/localización actual Ubicación en estantería Total de préstamos Clasificación Código de barras Fecha visto por última vez Número de copia Tipo de ítem Koha
    Library of Congress Classification     Colección General Bib. Gregorio Torres Quintero Bib. Gregorio Torres Quintero Planta baja   F1219.3 A6 G3.2 32696 31/12/2020 1 Libro
    Library of Congress Classification     Colección General Bib. Gregorio Torres Quintero Bib. Gregorio Torres Quintero Planta baja 1 F1219.3 A6 G3.2 32697 31/12/2020 1 Libro